Reinforcement learning (Record no. 31840)

000 -LEADER
fixed length control field 01533cam a2200397La 4500
001 - CONTROL NUMBER
control field 4248261
003 - CONTROL NUMBER IDENTIFIER
control field OSt
005 - DATE AND TIME OF LATEST TRANSACTION
control field 20170105113031.0
006 - FIXED-LENGTH DATA ELEMENTS--ADDITIONAL MATERIAL CHARACTERISTICS
fixed length control field m u
007 - PHYSICAL DESCRIPTION FIXED FIELD--GENERAL INFORMATION
fixed length control field cr cn-
008 - FIXED-LENGTH DATA ELEMENTS--GENERAL INFORMATION
fixed length control field 000112s1998 maua sb 001 0 eng d
020 ## - INTERNATIONAL STANDARD BOOK NUMBER
International Standard Book Number 0585024456 (electronic bk.)
035 ## - SYSTEM CONTROL NUMBER
System control number (OCoLC)43474535
035 ## - SYSTEM CONTROL NUMBER
System control number (OCoLC)ocm43474535
035 ## - SYSTEM CONTROL NUMBER
System control number (N$T)ocm43474535
035 ## - SYSTEM CONTROL NUMBER
System control number (NNC)4248261
040 ## - CATALOGING SOURCE
Original cataloging agency N$T
Transcribing agency N$T
Modifying agency OCL
-- OCLCQ
050 14 - LIBRARY OF CONGRESS CALL NUMBER
Classification number Q325.6
Item number .S88 1998eb
082 04 - DEWEY DECIMAL CLASSIFICATION NUMBER
Classification number 006.3/1
Edition number 21
100 1# - MAIN ENTRY--PERSONAL NAME
Personal name Sutton, Richard S.
245 10 - TITLE STATEMENT
Title Reinforcement learning
Medium [electronic resource] :
Remainder of title an introduction /
Statement of responsibility, etc. Richard S. Sutton and Andrew G. Barto.
260 ## - PUBLICATION, DISTRIBUTION, ETC.
Place of publication, distribution, etc. Cambridge, Mass. :
Name of publisher, distributor, etc. MIT Press,
Date of publication, distribution, etc. c1998.
300 ## - PHYSICAL DESCRIPTION
Extent xviii, 322 p. :
Other physical details ill. ;
Dimensions 24 cm.
490 1# - SERIES STATEMENT
Series statement Adaptive computation and machine learning
504 ## - BIBLIOGRAPHY, ETC. NOTE
Bibliography, etc. note Includes bibliographical references (p. [291]-312) and index.
533 ## - REPRODUCTION NOTE
Type of reproduction Electronic reproduction.
Place of reproduction Boulder, Colo. :
Agency responsible for reproduction NetLibrary,
Date of reproduction 2000.
Note about reproduction Available via the World Wide Web.
-- Available in multiple electronic file formats.
-- Access may be limited to NetLibrary affiliated libraries.
650 #0 - SUBJECT ADDED ENTRY--TOPICAL TERM
Topical term or geographic name entry element Reinforcement learning.
655 #7 - INDEX TERM--GENRE/FORM
Genre/form data or focus term Electronic books.
Source of term local
700 1# - ADDED ENTRY--PERSONAL NAME
Personal name Barto, Andrew G.
710 2# - ADDED ENTRY--CORPORATE NAME
Corporate name or jurisdiction name as entry element NetLibrary, Inc.
776 1# - ADDITIONAL PHYSICAL FORM ENTRY
Qualifying information Original
International Standard Book Number 0262193981
Record control number (DLC) 97026416
-- (OCoLC)37293240
830 #0 - SERIES ADDED ENTRY--UNIFORM TITLE
Uniform title Adaptive computation and machine learning.
856 4# - ELECTRONIC LOCATION AND ACCESS
Uniform Resource Identifier <a href="http://www.columbia.edu/cgi-bin/cul/resolve?clio4248261">http://www.columbia.edu/cgi-bin/cul/resolve?clio4248261</a>
Public note Click here for full text.
942 ## - ADDED ENTRY ELEMENTS (KOHA)
Source of classification or shelving scheme
Koha item type Book
Holdings
Withdrawn status Lost status Source of classification or shelving scheme Damaged status Not for loan Permanent Location Current Location Date acquired Total Checkouts Full call number Barcode Date last seen Date last checked out Price effective from Koha item type
          School of Mechanical & Manufacturing Engineering (SMME) School of Mechanical & Manufacturing Engineering (SMME) 07/06/2015 3 006.31 SUT SMME-386 05/17/2024 10/25/2023 07/06/2015 Book
© 2023 Central Library, National University of Sciences and Technology. All Rights Reserved.